LDR 00743naa#a2200157#i#450# 001 RU\\bibl\119325 005 20260426101402.7 011 ## _a2782-4586 100 ## _a20260331b2026####ek#y0rusy0150####ca 102 ## _aRU 200 1# _aКомпетенции в области цифровой безопасности как фактор финансового поведения студенческой молодежи: эмпирическая оценка (на примере аграрного вуза) _eЖурнальная статья 210 1# _aМосква _cУниверситет ИТБО _d2026 215 ## _a6 с. 608 ## _aЖурнальная статья _2local 700 #1 _aФрик _gОльга Владимировна 856 4# _ajomeam.ru _u